Southville International School and Colleges
Your cart is empty.
  • Cart
  • Lists
    Public lists Eva Luna New books Lux_list list_1
    Your lists Log in to create your own lists
  • Log in to your account
  • Your cookies
  • Search history
Southville International School and Colleges
  • Advanced search
  • Recent comments
  • Most popular
  • Libraries

Log in to your account

Log in with GOOGLE


If you do not have an external account, but do have a local account, you can still log in:

  1. Home
  2. MARC view: Magic fire /
Normal view MARC view ISBD view

Magic fire / (Record no. 11500)

[ view plain ]
MARC details
000 -LEADER
fixed length control field 01444cam a22003973a 4500
001 - CONTROL NUMBER
control field 12503248
003 - CONTROL NUMBER IDENTIFIER
control field OSt
005 - DATE AND TIME OF LATEST TRANSACTION
control field 20140310182257.0
008 - FIXED-LENGTH DATA ELEMENTS--GENERAL INFORMATION
fixed length control field 990608s1999 nyu 000 1 eng d
010 ## - LIBRARY OF CONGRESS CONTROL NUMBER
LC control number 2001567020
020 ## - INTERNATIONAL STANDARD BOOK NUMBER
International Standard Book Number 0671020579 (pbk.) :
Terms of availability $4.99
035 ## - SYSTEM CONTROL NUMBER
System control number (OCoLC)ocm41501833
040 ## - CATALOGING SOURCE
Original cataloging agency IEP
Transcribing agency IEP
Modifying agency SLC
-- DLC
042 ## - AUTHENTICATION CODE
Authentication code lccopycat
050 00 - LIBRARY OF CONGRESS CALL NUMBER
Classification number PZ 7
Item number .P635 1999
082 ## - DEWEY DECIMAL CLASSIFICATION NUMBER
Classification number FIC P63m
Item number 1999
100 1# - MAIN ENTRY--PERSONAL NAME
Personal name Pike, Christopher,
Dates associated with a name 1955-
9 (RLIN) 20418
245 10 - TITLE STATEMENT
Title Magic fire /
Statement of responsibility, etc Christopher Pike.
260 ## - PUBLICATION, DISTRIBUTION, ETC. (IMPRINT)
Place of publication, distribution, etc New York :
Name of publisher, distributor, etc Pocket Books,
Date of publication, distribution, etc c1999.
300 ## - PHYSICAL DESCRIPTION
Extent 226 p. ;
Dimensions 18 cm.
500 ## - GENERAL NOTE
General note "An Archway paperback."
520 ## - SUMMARY, ETC.
Summary, etc A high-school senior gives in to his desire to set fires during a hot, dry autumn in southern California but is overcome by a greater evil.
562 ## - COPY AND VERSION IDENTIFICATION NOTE
Number of copies For circulation. 1 copy in the collection.
650 #0 - SUBJECT ADDED ENTRY--TOPICAL TERM
Topical term or geographic name as entry element Detective and mystery stories.
9 (RLIN) 4339
650 #0 - SUBJECT ADDED ENTRY--TOPICAL TERM
Topical term or geographic name as entry element Pyromania
Form subdivision Juvenile fiction.
9 (RLIN) 20419
650 #0 - SUBJECT ADDED ENTRY--TOPICAL TERM
Topical term or geographic name as entry element High school seniors
Form subdivision Juvenile fiction.
9 (RLIN) 20420
650 #0 - SUBJECT ADDED ENTRY--TOPICAL TERM
Topical term or geographic name as entry element Horror tales.
9 (RLIN) 3763
651 #0 - SUBJECT ADDED ENTRY--GEOGRAPHIC NAME
Geographic name California
Form subdivision Juvenile fiction.
9 (RLIN) 20421
655 #7 - INDEX TERM--GENRE/FORM
Genre/form data or focus term Young adult fiction.
Source of term lcsh
9 (RLIN) 3735
655 #7 - INDEX TERM--GENRE/FORM
Genre/form data or focus term Mystery fiction.
Source of term gsafd
9 (RLIN) 4089
710 2# - ADDED ENTRY--CORPORATE NAME
Corporate name or jurisdiction name as entry element Copyright Paperback Collection (Library of Congress)
Institution to which field applies DLC
9 (RLIN) 705
906 ## - LOCAL DATA ELEMENT F, LDF (RLIN)
a 7
b cbc
c copycat
d 2
e ncip
f 20
g y-genrareb
942 ## - ADDED ENTRY ELEMENTS (KOHA)
Source of classification or shelving scheme Library of Congress Classification
Koha item type
Holdings
Withdrawn status Lost status Source of classification or shelving scheme Damaged status Home library Current library Shelving location Date acquired Total Checkouts Full call number Barcode Date last seen Copy number Price effective from Koha item type
    Library of Congress Classification   Luxembourg Library Luxembourg Library Fiction Section 09/17/2013   PZ 7 .P635 1999 8547 09/17/2013 1 09/17/2013 Books

Magic fire /

APA

Pike C., Copyright Paperback Collection (Library of Congress), . (1999). Magic fire. New York: Pocket Books.

Chicago

Pike Christopher, Copyright Paperback Collection (Library of Congress), . 1999. Magic fire. New York: Pocket Books.

Harvard

Pike C., Copyright Paperback Collection (Library of Congress), . (1999). Magic fire. New York: Pocket Books.

MLA

Pike Christopher, Copyright Paperback Collection (Library of Congress), . Magic fire. New York: Pocket Books. 1999.

  • Place hold
  • Print
  • Cite
  • Add to your cart (remove)
  • Save record
    BIBTEX Dublin Core MARCXML MARC (non-Unicode/MARC-8) MARC (Unicode/UTF-8) MARC (Unicode/UTF-8, Standard) MODS (XML) RIS
  • More searches
    Search for this title in:
    Other Libraries (WorldCat) Other Databases (Google Scholar) Online Stores (Bookfinder.com) Open Library (openlibrary.org)

Exporting to Dublin Core...

SOUTHVILLE LIBRARY

Southville International School and Colleges Library

1281 Tropical Ave. Cor. Luxembourg St., BF Homes International, Las Pinas City

Tel. No. 8256374 / 252358 Loc. 117/146

Powered by Koha